00554nam a2200181 a 4500001001300000003000900013005001700022008004100039020001000080082001700090100004000107245006000147260005900207300000800266500003500274650002300309700004000332nice12345678IN_TiNIC20260116015330.0090320s2007 riya grp 000 0 eng  ac10000a365.644bNAT aNational Society For Human Rights,  aGuantanamo Detention and the Violations of Human Rights aRiyadh, KSA bNational Society for Human Rights c2007 a81p aincludes index and biblioraphy aPunishment-Prisons1 aNational Society For Human Rights,